El recurso de revocacin̤ en materia fiscal 2017

Detalles Bibliográficos
Autor principal: Paz Lp̤ez, Alejandro
Formato: eBook
Lenguaje:español
Publicado: Ciudad de Mx̌ico: Ediciones Fiscales ISEF, 2017
Materias:
Acceso en línea:Acceso restringido

MARC

LEADER 00000nam a22000007a 4500
005 20171221164617.0
007 cr|||| ||||
008 171221s2017 mx |||||s|||| 00||0 spa d
020 |a 978-607-406-928-0 
035 |a 20946 
040 |a vLex 
090 |c 7334  |d 7334 
100 1 |a Paz Lp̤ez, Alejandro 
245 1 3 |a El recurso de revocacin̤ en materia fiscal 2017  |h [Recurso electrn̤ico] /  |c Alejandro Paz Lp̤ez  
256 |a Servicio en ln̕ea 
260 |a Ciudad de Mx̌ico:  |b Ediciones Fiscales ISEF,  |c 2017 
300 |a 1 recurso electrn̤ico 
506 1 |a Disponible solo en los productos indicados  |d vLex Global  |d vLex Global (Academic Edition, excluding Law Schools)  |d vLex Global (U.S. Academic Edition, Law Schools)  |d vLex Global (U.S. Academic Edition, excluding Law Schools)  |d vLex Global (Academic Edition, Law Schools) 
650 0 4 |a Derecho Fiscal  |z Mx̌ico 
740 0 |a vLex Libros (Servicio en ln̕ea) 
856 4 0 |u http://vlex.com/source/recurso-de-revocacion-en-materia-fiscal-2017-20946  |z Acceso restringido 
942 |c BOOK 
999 0 |a Fiscal law